All 88 constellations by picture - Statistics

General Stats
  • This quiz has been taken 920 times
  • The average score is 30 of 88
Answer Stats
Picture Answer % Correct
Orion
78%
Gemini
73%
Ursa Minor
68%
Crux
67%
Canis Major
65%
Ursa Major
64%
Cassiopeia
61%
Hercules
61%
Cygnus
60%
Draco
60%
Boötes
57%
Scorpius
57%
Taurus
54%
Hydra
52%
Pegasus
52%
Triangulum
52%
Eridanus
50%
Pisces
50%
Leo
48%
Cepheus
46%
Corona Borealis
46%
Libra
45%
Sagittarius
44%
Cancer
43%
Canis Minor
43%
Aries
39%
Auriga
39%
Lyra
39%
Perseus
39%
Andromeda
38%
Sagitta
38%
Corona Australis
36%
Lepus
36%
Aquarius
35%
Coma Berenices
35%
Aquila
34%
Capricornus
34%
Cetus
34%
Triangulum Australe
34%
Virgo
34%
Crater
32%
Ophiuchus
32%
Dorado
31%
Lynx
31%
Grus
30%
Centaurus
29%
Delphinus
29%
Vela
29%
Carina
27%
Lupus
27%
Monoceros
27%
Serpens
27%
Ara
26%
Volans
26%
Lacerta
25%
Mensa
25%
Columba
24%
Phoenix
24%
Camelopardalis
23%
Canes Venatici
23%
Piscis Austrinus
23%
Circinus
22%
Corvus
22%
Leo Minor
21%
Pavo
21%
Reticulum
21%
Caelum
20%
Hydrus
20%
Musca
20%
Scutum
20%
Horologium
19%
Octans
19%
Indus
18%
Microscopium
18%
Norma
18%
Pictor
18%
Pyxis
18%
Tucana
18%
Antlia
17%
Puppis
17%
Vulpecula
17%
Telescopium
16%
Chamaeleon
15%
Fornax
15%
Sextans
15%
Apus
14%
Equuleus
14%
Sculptor
14%
No matching quizzes found
Score Distribution
Percent of People with Each Score
Percentile by Number Answered
Your Score History
You have not taken this quiz